| 000 | 00368nam a2200133Ia 4500 | ||
|---|---|---|---|
| 005 | 20251222144912.0 | ||
| 008 | 251222s9999||||xx |||||||||||||| ||spa|| | ||
| 020 | _a956-289-045-7 | ||
| 082 | _a331.4/T65 | ||
| 100 | _aTokman, Víctor E. | ||
| 245 | 0 | _aUna Voz en el Camino, Empleo y Equidad en América Latina: | |
| 264 | _bFondo de Cultura Económica | ||
| 942 | _cLIB | ||
| 999 |
_c22400 _d22400 |
||